Chile-Quiz - Statistiken

Allgemein
  • Dieses Quiz wurde 2.011 mal gespielt
  • Das Durchschnittsergebnis liegt bei 13 aus 20
Antwortstatistiken
Frage Antwort % Korrekt
Nachbarland Argentinien
99%
Amtssprache Spanisch
99%
Nachbarland Peru
97%
Nachbarland Bolivien
96%
Hauptstadt Santiago
95%
Gebirgskette entlang Chile Anden
90%
Insel im Pazifik, von Europäern am Sonntag 5. April zum ersten Mal entdeckt {Oster}insel
86%
1960 ist in Chile das stärkste dieser Phänomene jemals aufgezeichnet worden, mit einem Wert von 9.5 auf der Momenten-Magnituden-Skala Erdbeben
84%
Währung Peso
84%
Wie Norwegen besitzt Chile viele dieser tiefen, durch Gletschern entstandene Meeresarme Fjords
80%
Chile ist weltweit der wichtigste Lieferant dieses roten Metallerzes Kupfer
67%
Trockenste Wüste der Erde Atacama-Wüste
61%
Südlichster Punkt Kap {Hoorn}
55%
Diktator von Chile, 1973–1990 Augusto Pinochet
46%
Südlichste Inselgruppe Feuerland
42%
Strasse, die diese Gruppe vom Kontinenten trennt {Magellan}strasse
39%
Kolossale Statuen der obigen Insel Moai
26%
Krieg, bei dem Nachbarland #2 seine gesamte Küstenregion an Chile verlor Salpeterkrieg
21%
Dichter und 1971 Nobelpreisträger Pablo Neruda
17%
Höchster Vulkan der Welt (6893 m Höhe) {Ojos} del Salado
12%
Keine übereinstimmenden Quizze gefunden
Verteilung der Resultate
Anzahl Personen mit jedem Resultat
Perzentil nach korrekt beantworteten Fragen
Ihre Resultats-Entwicklung
Sie haben dieses Quiz noch nicht gespielt